[Event "Plzen, JF B"]
[Site "?"]
[Date "1999.??.??"]
[Round "8.15"]
[White "Honzl, O."]
[Black "Kracik, M."]
[Result "1/2-1/2"]
[WhiteElo "1268"]
[BlackElo "1458"]
[PlyCount "94"]
[EventDate "1999.??.??"]
[Source "ChessBase"]
[SourceDate "1996.11.15"]

1. e4 e5 2. Nf3 Nc6 3. Bc4 Bc5 4. Nc3 h6 5. d3 d6 6. h3 Nf6 7. Be3 Bb6 8. Bxb6
axb6 9. d4 exd4 10. Nxd4 Ne5 11. Bb3 c6 12. Nf3 Ng6 13. e5 Nh7 14. Qxd6 Qxd6
15. exd6 O-O 16. O-O Ra5 17. Ne2 Nf6 18. Rad1 Rd8 19. Rd3 Bf5 20. Rdd1 Ne4 21.
Nfd4 Rxd6 22. Nxf5 Rxf5 23. Ng3 Rxd1 24. Rxd1 Nxg3 25. fxg3 Kh7 26. a4 b5 27.
Rd7 bxa4 28. Bxa4 b5 29. Bb3 Ne5 30. Rd2 Ng6 31. c4 Re5 32. cxb5 Rxb5 33. Bxf7
Ne5 34. Be8 Rb3 35. g4 Nc4 36. Rc2 Nxb2 37. Rxc6 Rb8 38. Bg6+ Kg8 39. Re6 Na4
40. Kh2 Nc5 41. Re8+ Rxe8 42. Bxe8 g5 43. Bh5 Kg7 44. Kg3 Kf6 45. Kf3 Ke5 46.
Bg6 Ne6 47. g3 Kd5 1/2-1/2

[Event "Plzen, JF B"]
[Site "?"]
[Date "1999.??.??"]
[Round "8.16"]
[White "Hruska, V."]
[Black "Toman, J."]
[Result "1/2-1/2"]
[WhiteElo "1275"]
[BlackElo "1550"]
[PlyCount "81"]
[EventDate "1999.??.??"]
[Source "ChessBase"]
[SourceDate "1996.11.15"]

1. e4 c5 2. Nf3 d6 3. d4 cxd4 4. Nxd4 Nf6 5. Nc3 g6 6. Bc4 Bg7 7. Be3 O-O 8. h3
Nc6 9. Nb3 Bd7 10. Qd2 a6 11. Rd1 b5 12. Bd3 Rc8 13. Bh6 Ne5 14. Bxg7 Nxd3+ 15.
Qxd3 Kxg7 16. O-O b4 17. Ne2 Bb5 18. Qe3 Rxc2 19. Rd2 Rxd2 20. Nxd2 Nd7 21. Re1
Bxe2 22. Rxe2 Qb6 23. Nf3 f6 24. Nd4 Kg8 25. Ne6 Qxe3 26. Rxe3 Rc8 27. Re2 Kf7
28. Nf4 e6 29. Rd2 Ke7 30. Kf1 Ne5 31. g3 Rc4 32. Re2 Kd7 33. Re3 g5 34. Nh5
Ke7 35. g4 Rd4 36. Re2 Nf3 37. Rc2 Ne5 38. Rc7+ Nd7 39. Nxf6 Kxf6 40. Rxd7 Kg6
41. f3 1/2-1/2

[Event "Plzen, JF B"]
[Site "?"]
[Date "1999.??.??"]
[Round "8.17"]
[White "Kovar, J."]
[Black "Bernerova, M."]
[Result "0-1"]
[WhiteElo "1250"]
[BlackElo "1485"]
[PlyCount "64"]
[EventDate "1999.??.??"]
[Source "ChessBase"]
[SourceDate "1996.11.15"]

1. d4 d5 2. c4 e6 3. Nc3 Nf6 4. Nf3 c6 5. Bf4 Nbd7 6. h3 Be7 7. c5 b6 8. b4 Bb7
9. e3 a5 10. a3 h6 11. b5 bxc5 12. bxc6 Bxc6 13. Bb5 Bxb5 14. Nxb5 O-O 15. Rb1
c4 16. O-O Ne4 17. Qc2 Qc8 18. Rfc1 Qc6 19. Ne5 Nxe5 20. Bxe5 Nd6 21. a4 Nxb5
22. Rxb5 Bd6 23. f4 Rfb8 24. Rcb1 Bxe5 25. fxe5 Rxb5 26. Rxb5 Qc7 27. Qc3 Ra6
28. g4 Qc8 29. Rxa5 Rxa5 30. Qxa5 c3 31. Qc5 Qxc5 32. dxc5 c2 0-1

[Event "Plzen, JF B"]
[Site "?"]
[Date "1999.??.??"]
[Round "8.18"]
[White "Smazalova, H."]
[Black "Rehak, M."]
[Result "1-0"]
[WhiteElo "1350"]
[BlackElo "1259"]
[PlyCount "89"]
[EventDate "1999.??.??"]
[Source "ChessBase"]
[SourceDate "1996.11.15"]

1. d4 d5 2. Nf3 Nc6 3. Nc3 Nf6 4. Bg5 Bg4 5. e3 a6 6. Bd3 e6 7. Qe2 Bb4 8. a3
Be7 9. O-O-O Ne4 10. Bxe7 Qxe7 11. Nxe4 dxe4 12. Bxe4 Qd6 13. Rd2 O-O-O 14. Qc4
Bxf3 15. Bxf3 Ne5 16. Qc3 Nxf3 17. gxf3 Qd5 18. b3 Qxf3 19. Rg1 Qf6 20. Qc5 Kb8
21. b4 Rd5 22. Qc4 Rhd8 23. Rg4 e5 24. Qc3 h5 25. Re4 exd4 26. Rexd4 Rxd4 27.
Rxd4 Rxd4 28. Qxd4 Qxf2 29. Qxg7 Qxe3+ 30. Kb2 Qe6 31. Qf8+ Ka7 32. Qc5+ Qb6
33. Qxh5 Qd4+ 34. Kb3 f6 35. Qf3 c6 36. c3 Qd5+ 37. Qxd5 cxd5 38. h4 f5 39. Kc2
Kb6 40. h5 f4 41. Kd2 Kc6 42. h6 Kd6 43. h7 f3 44. Ke1 Ke6 45. h8=Q 1-0

[Event "Plzen, JF B"]
[Site "?"]
[Date "1999.??.??"]
[Round "8.19"]
[White "Fastova, K."]
[Black "Smid, J."]
[Result "1-0"]
[WhiteElo "1255"]
[BlackElo "1350"]
[PlyCount "73"]
[EventDate "1999.??.??"]
[Source "ChessBase"]
[SourceDate "1996.11.15"]

1. e4 e5 2. Nf3 Nc6 3. Bc4 Bc5 4. b4 Bxb4 5. c3 Bc5 6. d4 exd4 7. O-O Na5 8.
cxd4 Nxc4 9. dxc5 Qf6 10. e5 Qa6 11. Nc3 Ne7 12. Bg5 Ng6 13. Nd5 Qc6 14. Qd4 b5
15. e6 dxe6 16. Qxg7 Qxd5 17. Rad1 Bb7 18. Rxd5 Bxd5 19. Qc3 Kd7 20. Bf6 Rhg8
21. Rd1 c6 22. g3 Kc7 23. Kf1 Nf8 24. Be5+ Kb7 25. Bf4 Nd7 26. Qd4 Rad8 27. Ng5
Nf8 28. Kg1 f6 29. Qxf6 Nd7 30. Qe7 Rge8 31. Qxh7 e5 32. Bc1 Rh8 33. Qc2 Rh5
34. Qg6 Rdh8 35. h4 R5h6 36. Qf5 Nxc5 37. Nf7 1-0

[Event "Plzen, JF B"]
[Site "?"]
[Date "1999.??.??"]
[Round "8.20"]
[White "Simlova, J."]
[Black "Tolar, J."]
[Result "1-0"]
[WhiteElo "1550"]
[BlackElo "1350"]
[PlyCount "41"]
[EventDate "1999.??.??"]
[Source "ChessBase"]
[SourceDate "1996.11.15"]

1. e4 e5 2. f4 Qh4+ 3. g3 Qe7 4. Nc3 exf4 5. d4 fxg3 6. hxg3 Qd8 7. Bf4 Bb4 8.
Qd3 d6 9. O-O-O Bxc3 10. Qxc3 Bg4 11. Re1 c6 12. d5 c5 13. Qxg7 Qa5 14. c3 Qxa2
15. Kc2 Bd1+ 16. Rxd1 Qa4+ 17. Kd2 c4 18. Qxh8 Qa2 19. Qxg8+ Kd7 20. Qxf7+ Kc8
21. Bh3+ 1-0

[Event "Plzen, JF B"]
[Site "?"]
[Date "1999.??.??"]
[Round "8.21"]
[White "Grobelsek, M."]
[Black "Kracikova, K."]
[Result "0-1"]
[WhiteElo "1500"]
[BlackElo "1550"]
[PlyCount "100"]
[EventDate "1999.??.??"]
[Source "ChessBase"]
[SourceDate "1996.11.15"]

1. e4 e5 2. Nf3 Nc6 3. Bc4 Nf6 4. d3 Bc5 5. Bg5 h6 6. Bh4 g5 7. Bg3 d6 8. Nc3
b6 9. Qd2 Bg4 10. O-O-O Nh5 11. Bb5 Bd7 12. Bxc6 Bxc6 13. d4 exd4 14. Nxd4 Qd7
15. Nd5 O-O-O 16. Nxc6 Rde8 17. Qe2 Qxc6 18. Qxh5 Rxe4 19. Qxf7 Kb7 20. Rhe1
Ra4 21. Re7 Rc8 22. Rd7 Rxa2 23. Re1 Ra1+ 24. Kd2 Rxe1 25. Kxe1 b5 26. c3 Bb6
27. Bxd6 h5 28. Nxb6 Kxb6 29. Bg3 h4 30. Be5 Qe4+ 31. Kd2 Qxe5 32. Qg6+ Kb7 33.
g3 hxg3 34. hxg3 Qc5 35. Qe4+ Kb8 36. Qd4 Qf8 37. Qe3 b4 38. c4 Qf6 39. b3 Qb2+
40. Ke1 Qb1+ 41. Ke2 Qg6 42. Qc5 Qe6+ 43. Kf3 Qxd7 44. Qxb4+ Ka8 45. c5 Rf8+
46. Kg2 Qc6+ 47. Kg1 Rh8 48. f3 g4 49. Qxg4 Qxc5+ 50. Kg2 Qc2+ 0-1

[Event "Plzen, JF B"]
[Site "?"]
[Date "1999.??.??"]
[Round "8.22"]
[White "Jurek, M."]
[Black "Bim, T."]
[Result "0-1"]
[WhiteElo "1350"]
[BlackElo "1550"]
[PlyCount "136"]
[EventDate "1999.??.??"]
[Source "ChessBase"]
[SourceDate "1996.11.15"]

1. e4 e5 2. Nf3 Nc6 3. Bb5 a6 4. Ba4 Bc5 5. O-O d6 6. Nc3 Bg4 7. h3 Bh5 8. d3
Nf6 9. Bg5 h6 10. Bh4 g5 11. Bxc6+ bxc6 12. g4 gxh4 13. gxh5 Nxh5 14. Nh2 Qg5+
15. Qg4 Qxg4+ 16. Nxg4 Nf4 17. Kh2 h5 18. Ne3 O-O-O 19. Nf5 Ng6 20. Ne2 d5 21.
f3 d4 22. a3 a5 23. Rg1 Rhg8 24. b4 Bb6 25. Nc1 c5 26. bxa5 Bxa5 27. Nb3 Bb6
28. a4 c6 29. a5 Bc7 30. Nxc5 Kb8 31. Na6+ Kb7 32. Nxc7 Kxc7 33. a6 Ra8 34. a7
c5 35. Rgc1 Kb6 36. Rcb1+ Kc6 37. Ra6+ Kc7 38. Nd6 Rgf8 39. Rb7+ Kd8 40. Rb8+
Ke7 41. Rb7+ Kd8 42. Nc4 Kc8 43. Rab6 Rh8 44. Rb5 Rf8 45. Nb6+ Kxb7 46. Nxa8+
Kxa8 47. Rxc5 Kxa7 48. c3 dxc3 49. Rxc3 Nf4 50. Rb3 Rd8 51. Rc3 Kb7 52. Rb3+
Kc7 53. Rc3+ Kd7 54. d4 exd4 55. Rc1 d3 56. e5 Ke6 57. Rc6+ Kxe5 58. Ra6 d2 59.
Ra1 Ng6 60. f4+ Ke4 61. f5 d1=Q 62. Rxd1 Rxd1 63. fxg6 fxg6 64. Kg2 Rd2+ 65.
Kf1 Kf3 66. Kg1 Rc2 67. Kh1 Kg3 68. Kg1 Rc1# 0-1

[Event "Plzen, JF B"]
[Site "?"]
[Date "1999.??.??"]
[Round "8.23"]
[White "Palkova, K."]
[Black "Konig, M."]
[Result "0-1"]
[WhiteElo "1350"]
[BlackElo "1550"]
[PlyCount "56"]
[EventDate "1999.??.??"]
[Source "ChessBase"]
[SourceDate "1996.11.15"]

1. e4 e5 2. Nf3 Nc6 3. Bc4 Nf6 4. d3 Bc5 5. Nc3 d6 6. Bg5 h6 7. Bxf6 Qxf6 8.
Nd5 Qg6 9. Nxc7+ Kd8 10. Nxa8 Qxg2 11. Rf1 Bg4 12. d4 Nxd4 13. Qd3 Nxf3+ 14.
Kd1 Nxh2+ 15. Kd2 Nxf1+ 16. Rxf1 Kd7 17. Bb5+ Kc8 18. Qd5 Be6 19. Qd3 Rd8 20.
Qc3 Qxe4 21. a3 Kb8 22. Nc7 Kxc7 23. b4 Qd4+ 24. Qxd4 Bxd4 25. a4 a6 26. Bd3
Kc6 27. b5+ axb5 28. Bxb5+ Kc5 0-1

[Event "Plzen, JF B"]
[Site "?"]
[Date "1999.??.??"]
[Round "8.24"]
[White "Simlova, K."]
[Black "Kracikova, L."]
[Result "1-0"]
[WhiteElo "1550"]
[BlackElo "1350"]
[PlyCount "83"]
[EventDate "1999.??.??"]
[Source "ChessBase"]
[SourceDate "1996.11.15"]

1. e4 e5 2. Nf3 Nc6 3. Nc3 Bb4 4. Bb5 Bxc3 5. dxc3 Nce7 6. Nxe5 c6 7. Bc4 d5 8.
exd5 cxd5 9. Bb5+ Nc6 10. Nxc6 bxc6 11. Bxc6+ Bd7 12. Bxa8 Qxa8 13. O-O Nf6 14.
Re1+ Be6 15. Bg5 Qd8 16. Qd4 a6 17. Rad1 O-O 18. Qh4 Re8 19. Re3 h6 20. Bxf6
Qxf6 21. Qxf6 gxf6 22. Rxd5 Kf8 23. Rd6 a5 24. Ra6 Bxa2 25. Rxe8+ Kxe8 26. Rxa5
Be6 27. b4 Kd7 28. b5 Kc7 29. Ra7+ Kb6 30. Ra8 Kxb5 31. Rh8 Kc4 32. Rxh6 Kxc3
33. Rxf6 Kxc2 34. h4 Kd3 35. h5 Ke4 36. h6 Ke5 37. Rf3 Bf5 38. Rxf5+ Kxf5 39.
h7 Kf6 40. h8=Q+ Ke7 41. g4 f6 42. Qg7+ 1-0

[Event "Plzen, JF B"]
[Site "?"]
[Date "1999.??.??"]
[Round "8.25"]
[White "Momotov, I."]
[Black "Soral, D."]
[Result "1-0"]
[WhiteElo "1350"]
[BlackElo "1550"]
[PlyCount "97"]
[EventDate "1999.??.??"]
[Source "ChessBase"]
[SourceDate "1996.11.15"]

1. e4 e5 2. Nf3 Nc6 3. Bb5 a6 4. Bxc6 dxc6 5. Nxe5 Qe7 6. Nc4 Qxe4+ 7. Qe2
Qxe2+ 8. Kxe2 Nf6 9. Re1 Bc5 10. Kf1+ Be6 11. d3 O-O 12. Bg5 Ng4 13. Bh4 Nxh2+
14. Kg1 Ng4 15. Nc3 Rfe8 16. Ne4 Be7 17. Bxe7 Rxe7 18. Ng5 Rae8 19. Re4 h6 20.
Nxe6 Rxe6 21. Rxg4 b5 22. Nd2 Re2 23. Nf3 h5 24. Rh4 g6 25. Nd4 Rd2 26. Rc1 c5
27. Nf3 Rde2 28. Ng5 R8e5 29. Nf3 Rf5 30. Kf1 Re8 31. c4 b4 32. a3 bxa3 33.
bxa3 Rb8 34. d4 cxd4 35. Nxd4 Ra5 36. Nc6 Rb1 37. Rxb1 Rxa3 38. Rb8+ Kh7 39.
Ne5 f6 40. Nd7 Ra1+ 41. Ke2 Ra2+ 42. Kf3 Ra3+ 43. Kf4 g5+ 44. Kf5 gxh4 45.
Nxf6+ Kh6 46. Rh8+ Kg7 47. Rh7+ Kf8 48. Ke6 Ra2 49. Rf7# 1-0

[Event "Plzen, JF B"]
[Site "?"]
[Date "1999.??.??"]
[Round "8.26"]
[White "Karbusicky, O."]
[Black "Franta, S."]
[Result "0-1"]
[WhiteElo "1350"]
[BlackElo "1550"]
[PlyCount "80"]
[EventDate "1999.??.??"]
[Source "ChessBase"]
[SourceDate "1996.11.15"]

1. e4 e5 2. Nf3 Nc6 3. Bb5 Nf6 4. Bxc6 bxc6 5. Nc3 d5 6. exd5 cxd5 7. Nxe5 Qe7
8. O-O Qxe5 9. Re1 Ne4 10. Qe2 Bc5 11. Qb5+ Bd7 12. Qxc5 Nxc5 13. Rxe5+ Be6 14.
d4 Nd7 15. Rg5 O-O 16. Bf4 Rfe8 17. Bxc7 f6 18. Rg3 Bf5 19. Nxd5 Bxc2 20. Rc1
Rac8 21. h3 Be4 22. Nc3 Rxc7 23. Re1 f5 24. Nb5 Rc6 25. Nxa7 Ra6 26. Nb5 Rxa2
27. b4 Rb2 28. Nd6 Re6 29. Nc4 Rxb4 30. Rc3 Nb6 31. Nd2 Rxd4 32. Nb3 Rc4 33.
Rxc4 Nxc4 34. f3 Bd5 35. Rd1 Ne3 36. Rc1 Bxb3 37. Rc8+ Kf7 38. Rc7+ Re7 39.
Rxe7+ Kxe7 40. Kf2 Nd5 0-1

[Event "Plzen, JF B"]
[Site "?"]
[Date "1999.??.??"]
[Round "8.27"]
[White "Matousek, Lu"]
[Black "Matousek, Li"]
[Result "1-0"]
[WhiteElo "1350"]
[BlackElo "1350"]
[PlyCount "123"]
[EventDate "1999.??.??"]
[Source "ChessBase"]
[SourceDate "1996.11.15"]

1. e4 e5 2. Nf3 Nc6 3. Bc4 Bb4 4. c3 Bc5 5. d4 Bd6 6. Bg5 f6 7. Be3 g5 8. O-O
Bf8 9. Na3 Bh6 10. dxe5 g4 11. exf6 gxf3 12. f7+ Ke7 13. fxg8=Q Rxg8 14. Bxg8
Qxg8 15. Qxf3 Ne5 16. Qf5 d6 17. Bxh6 Bxf5 18. exf5 Nf7 19. Rae1+ Kd7 20. Bf4
Qg7 21. Nc4 Rg8 22. g3 b5 23. f6 Qg6 24. Re7+ Kc6 25. Na5+ Kd5 26. Rd1+ Kc5 {#}
27. b4+ $4 (27. Be3# $1) 27... Kb6 28. Be3+ c5 29. Bxc5+ (29. Rxd6+ Nxd6 30.
Bxc5+ Ka6 31. Rxa7#) 29... dxc5 30. Re6+ $2 $14 (30. Rdd7 $18) 30... Kc7 31.
Rc6+ Kb8 32. Rxc5 Qc2 33. Nc6+ Kb7 34. Rd7+ Kb6 35. c4 Qc1+ 36. Kg2 Rg5 37. Ne5
Rxe5 38. Rcc7 bxc4 39. Rb7+ Kc6 40. Rbc7+ Kb6 41. a4 Qa1 42. a5+ Rxa5 $2 $18 (
42... Kb5 $17) 43. bxa5+ Kxa5 $2 $18 (43... Qxa5 44. Rxf7 $16) 44. Rxa7+ Kb4
45. Rxa1 Ng5 46. f7 Ne6 47. Re1 Nf8 48. Rc7 h6 49. Rb1+ Kc3 50. Rb8 Ne6 51.
Rbc8 Kc2 52. Rxc4+ Kd2 53. f8=Q Nxf8 54. Rxf8 Kd3 55. Rfc8 Kd2 56. Re4 Kd3 57.
Rce8 Kc3 58. Rd8 Kc2 59. Rc4+ Kb3 60. Rc7 Kb4 61. Rb8+ Ka5 62. Ra7# 1-0

[Event "Plzen, JF B"]
[Site "?"]
[Date "1999.??.??"]
[Round "9.1"]
[White "Galicek, S."]
[Black "Barton, J."]
[Result "1/2-1/2"]
[WhiteElo "1860"]
[BlackElo "1705"]
[PlyCount "50"]
[EventDate "1999.??.??"]
[Source "ChessBase"]
[SourceDate "1996.11.15"]

1. d4 Nf6 2. c4 e5 3. dxe5 Ng4 4. Bf4 Nc6 5. Nf3 Bb4+ 6. Nbd2 Qe7 7. e3 Ngxe5
8. Nxe5 Nxe5 9. Be2 d6 10. O-O Bxd2 11. Qxd2 O-O 12. Rac1 b6 13. b4 Ng6 14. Bg3
Be6 15. c5 dxc5 16. bxc5 Rad8 17. Qc2 Rd5 18. Qa4 Rxc5 19. Rxc5 Qxc5 20. Qxa7
Qc2 21. Re1 Bxa2 22. Bxc7 Qd2 23. Kf1 Bd5 24. f3 Qxe3 25. Qxb6 Qxb6 1/2-1/2

[Event "Plzen, JF B"]
[Site "?"]
[Date "1999.??.??"]
[Round "9.2"]
[White "Studnicka, T."]
[Black "Priborsky, I."]
[Result "1-0"]
[WhiteElo "1651"]
[BlackElo "1525"]
[PlyCount "57"]
[EventDate "1999.??.??"]
[Source "ChessBase"]
[SourceDate "1996.11.15"]

1. e4 e5 2. Nf3 Nc6 3. Bb5 f5 4. Nc3 fxe4 5. Nxe4 d5 6. Nxe5 dxe4 7. Nxc6 Qg5
8. Nd4+ c6 9. Bf1 Qe5 10. Ne2 Bc5 11. d4 exd3 12. Qxd3 Bf5 13. Qc3 Qe7 14. Bd2
Nf6 15. O-O-O Nd5 16. Qg3 Qe4 17. Qb3 O-O 18. f3 Qe7 19. Nf4 Kh8 20. Nxd5 cxd5
21. Bd3 Be6 22. Rhe1 Qd6 23. Kb1 Bd7 24. Be3 b6 25. Be4 d4 26. Bxa8 Rxa8 27.
Qd3 Re8 28. Bg1 Rc8 29. Bxd4 1-0

[Event "Plzen, JF B"]
[Site "?"]
[Date "1999.??.??"]
[Round "9.3"]
[White "Rybak, D."]
[Black "Priborsky, M."]
[Result "0-1"]
[WhiteElo "1798"]
[BlackElo "1487"]
[PlyCount "52"]
[EventDate "1999.??.??"]
[Source "ChessBase"]
[SourceDate "1996.11.15"]

1. e4 e5 2. Nf3 Nc6 3. Bc4 Nf6 4. d4 exd4 5. e5 d5 6. Bb5 Ne4 7. Nxd4 Bd7 8.
Bxc6 bxc6 9. O-O Bc5 10. f3 Ng5 11. f4 Ne4 12. Be3 Bb6 13. Nd2 Nxd2 14. Qxd2 c5
15. Nf3 d4 16. Bf2 O-O 17. Bh4 Qc8 18. Rae1 Bb5 19. f5 Qxf5 20. Nxd4 Qd7 21.
Re4 Bxf1 22. Bf6 gxf6 23. exf6 Kh8 24. Qh6 Rg8 25. Rh4 Qxd4+ 26. Rxd4 Bxg2 0-1

[Event "Plzen, JF B"]
[Site "?"]
[Date "1999.??.??"]
[Round "9.4"]
[White "Sodoma, J."]
[Black "Svoboda, Jar"]
[Result "0-1"]
[WhiteElo "1745"]
[BlackElo "1740"]
[PlyCount "70"]
[EventDate "1999.??.??"]
[Source "ChessBase"]
[SourceDate "1996.11.15"]

1. e4 e5 2. Nf3 Nc6 3. d4 exd4 4. Nxd4 Bc5 5. Be3 Qf6 6. c3 Nge7 7. Bc4 O-O 8.
O-O Ne5 9. Be2 d6 10. f4 N5c6 11. Kh1 Bd7 12. Qd3 Ng6 13. Nd2 a6 14. a4 Rfe8
15. g4 Qe7 16. Bg1 Bxd4 17. cxd4 d5 18. e5 Nb4 19. Qc3 c6 20. f5 Nf8 21. Qg3 c5
22. g5 cxd4 23. Bxd4 Nc2 24. f6 Qd8 25. Qf4 Ng6 26. Qf2 Nxa1 27. fxg7 Be6 28.
Rxa1 Qxg5 29. Bd3 Nxe5 30. Bxh7+ Kxh7 31. Rg1 Ng4 32. Qg2 Qf4 33. Nf3 Bf5 34.
h4 Be4 35. Ng5+ Kg6 0-1

[Event "Plzen, JF B"]
[Site "?"]
[Date "1999.??.??"]
[Round "9.5"]
[White "Horacek, D."]
[Black "Fiser, J."]
[Result "1/2-1/2"]
[WhiteElo "1704"]
[BlackElo "1683"]
[PlyCount "20"]
[EventDate "1999.??.??"]
[Source "ChessBase"]
[SourceDate "1996.11.15"]

1. e4 e6 2. d4 d5 3. Nc3 Nf6 4. e5 Nfd7 5. f4 c5 6. Nf3 Nc6 7. Be3 cxd4 8. Nxd4
Bc5 9. Qd2 a6 10. O-O-O O-O 1/2-1/2

[Event "Plzen, JF B"]
[Site "?"]
[Date "1999.??.??"]
[Round "9.6"]
[White "Sedy, P."]
[Black "Barton, O."]
[Result "1/2-1/2"]
[WhiteElo "1671"]
[BlackElo "1673"]
[PlyCount "91"]
[EventDate "1999.??.??"]
[Source "ChessBase"]
[SourceDate "1996.11.15"]

1. e4 d5 2. exd5 Nf6 3. c4 c6 4. dxc6 Nxc6 5. Nf3 e5 6. d3 Bf5 7. Be2 Qd7 8.
O-O O-O-O 9. Nc3 Bxd3 10. Bxd3 Qxd3 11. Qxd3 Rxd3 12. Bg5 Bc5 13. Rad1 Rhd8 14.
Nd5 Nb4 15. Rxd3 Nxd3 16. Nxf6 gxf6 17. Bxf6 Re8 18. Nd2 Re6 19. Ne4 Bd4 20. b3
Ra6 21. Bh4 Rh6 22. Bg5 Ra6 23. Be3 Rxa2 24. Bxd4 exd4 25. Nd6+ Kc7 26. Nb5+
Kb8 27. Nxd4 Nc5 28. h3 Rd2 29. Nf3 Rb2 30. Re1 a5 31. Nd4 Ne6 32. Nxe6 fxe6
33. Re3 Kc7 34. g4 Kd6 35. g5 Ra2 36. h4 a4 37. bxa4 Rxa4 38. Rc3 Ke5 39. Kg2
b5 40. cxb5 Rxh4 41. b6 Rb4 42. Rc7 Rxb6 43. Rxh7 Kf5 44. Rg7 e5 45. Kg3 Rb1
46. Kg2 1/2-1/2

[Event "Plzen, JF B"]
[Site "?"]
[Date "1999.??.??"]
[Round "9.7"]
[White "Pokorny, J."]
[Black "Kralovec, V."]
[Result "1/2-1/2"]
[WhiteElo "1550"]
[BlackElo "1536"]
[PlyCount "66"]
[EventDate "1999.??.??"]
[Source "ChessBase"]
[SourceDate "1996.11.15"]

1. e4 d6 2. d4 Nf6 3. Nc3 g6 4. Nf3 Bg7 5. Bc4 O-O 6. Be3 c6 7. a4 Nbd7 8. Qd3
e5 9. dxe5 Nxe5 10. Nxe5 dxe5 11. Qxd8 Rxd8 12. O-O b6 13. Rad1 Bb7 14. h3 Ne8
15. Bg5 Rd4 16. b3 Nd6 17. Bd3 Ne8 18. Ne2 Rd7 19. Rd2 Bf6 20. Bxf6 Nxf6 21.
Rfd1 Rad8 22. Nc3 Ba6 23. f3 Bxd3 24. Rxd3 Rxd3 25. Rxd3 Rxd3 26. cxd3 Nd7 27.
b4 Kf8 28. Kf2 Ke7 29. Ke3 Kd6 30. g3 a5 31. bxa5 bxa5 32. f4 f6 33. d4 exd4+
1/2-1/2

[Event "Plzen, JF B"]
[Site "?"]
[Date "1999.??.??"]
[Round "9.8"]
[White "Priborsky, J."]
[Black "Martinek, P."]
[Result "1-0"]
[WhiteElo "1444"]
[BlackElo "1550"]
[PlyCount "79"]
[EventDate "1999.??.??"]
[Source "ChessBase"]
[SourceDate "1996.11.15"]

1. e4 e5 2. Nf3 Nc6 3. Bc4 Be7 4. O-O Nf6 5. Nc3 O-O 6. d4 exd4 7. Nxd4 Nxd4 8.
Qxd4 d6 9. f4 Be6 10. Bd2 Nd7 11. Bxe6 fxe6 12. Qc4 Rf6 13. f5 Nb6 14. Qb3 Qd7
15. Bg5 Rff8 16. fxe6 Qe8 17. Rxf8+ Qxf8 18. Rf1 Qe8 19. Bxe7 Qxe7 20. Nd5 Nxd5
21. exd5 b6 22. Rf7 Qg5 23. Qc3 Rf8 24. Rxf8+ Kxf8 25. Qf3+ Qf6 26. Qxf6+ gxf6
27. Kf2 Ke7 28. Kg3 c6 29. c4 b5 30. b3 a5 31. dxc6 Kxe6 32. cxb5 Ke7 33. c7
Kd7 34. b6 h5 35. Kf4 d5 36. Ke3 h4 37. Kd4 f5 38. Kxd5 f4 39. Ke4 h3 40. gxh3
1-0

[Event "Plzen, JF B"]
[Site "?"]
[Date "1999.??.??"]
[Round "9.10"]
[White "Svoboda, Jan"]
[Black "Marous, R."]
[Result "0-1"]
[WhiteElo "1553"]
[BlackElo "1665"]
[PlyCount "68"]
[EventDate "1999.??.??"]
[Source "ChessBase"]
[SourceDate "1996.11.15"]

1. e4 Nf6 2. Nc3 d5 3. d3 d4 4. Nce2 e5 5. f4 Nbd7 6. Nf3 Bb4+ 7. Bd2 Bxd2+ 8.
Qxd2 c5 9. g3 Ng4 10. Bh3 Ne3 11. Bxd7+ Qxd7 12. Nxe5 Qh3 13. Nc4 Ng2+ 14. Kf2
Ne3 15. Nxe3 dxe3+ 16. Qxe3 O-O 17. Qxc5 Bg4 18. Nc3 Rac8 19. Qg5 Bd7 20. Rac1
Qe6 21. Nd5 Rfe8 22. h3 Bc6 23. Qf5 Qd6 24. Kf3 Rcd8 25. c4 Rd7 26. a3 Re6 27.
c5 Qb8 28. Rhd1 Qe8 29. Re1 g6 30. Nf6+ Rxf6 31. Qxf6 Rxd3+ 32. Kf2 Rd2+ 33.
Kf1 Qd7 34. Qc3 Qxh3+ 0-1

[Event "Plzen, JF B"]
[Site "?"]
[Date "1999.??.??"]
[Round "9.11"]
[White "Novy, V."]
[Black "Zemen, J."]
[Result "1-0"]
[WhiteElo "1646"]
[BlackElo "1375"]
[PlyCount "49"]
[EventDate "1999.??.??"]
[Source "ChessBase"]
[SourceDate "1996.11.15"]

1. e4 e5 2. Nf3 Nc6 3. Bc4 Bc5 4. b4 Bxb4 5. c3 Be7 6. d4 exd4 7. Qb3 Na5 8.
Bxf7+ Kf8 9. Qa4 Kxf7 10. Qxa5 d6 11. cxd4 c5 12. Qb5 b6 13. O-O Bb7 14. Nc3
Qc8 15. Qc4+ Ke8 16. Bb2 Nh6 17. Rfe1 Rf8 18. Nd5 Bxd5 19. Qxd5 Rb8 20. dxc5
Rf7 21. cxd6 Bd8 22. Rac1 Qb7 23. Qxb7 Rbxb7 24. e5 Nf5 25. e6 1-0

[Event "Plzen, JF B"]
[Site "?"]
[Date "1999.??.??"]
[Round "9.12"]
[White "Straka, V."]
[Black "Honzl, O."]
[Result "1-0"]
[WhiteElo "1572"]
[BlackElo "1268"]
[PlyCount "59"]
[EventDate "1999.??.??"]
[Source "ChessBase"]
[SourceDate "1996.11.15"]

1. e4 e5 2. Nf3 Nc6 3. Bb5 d6 4. O-O Nf6 5. Re1 Be7 6. c3 Bd7 7. d4 exd4 8.
cxd4 O-O 9. Nc3 a6 10. Bd3 Bg4 11. Be3 Re8 12. h3 Bh5 13. Rc1 Qd7 14. Be2 Rad8
15. d5 Bxf3 16. Bxf3 Ne5 17. Be2 c6 18. Qb3 cxd5 19. Nxd5 Nxd5 20. exd5 Rc8 21.
Bf4 Bf6 22. Qb6 Rxc1 23. Rxc1 Bd8 24. Qb4 Ng6 25. Bg4 f5 26. Bh5 Re4 27. Qxd6
Qxd6 28. Bxd6 Re8 29. Rc8 Re1+ 30. Kh2 1-0

[Event "Plzen, JF B"]
[Site "?"]
[Date "1999.??.??"]
[Round "9.13"]
[White "Stich, M."]
[Black "Simlova, J."]
[Result "1-0"]
[WhiteElo "1495"]
[BlackElo "1550"]
[PlyCount "75"]
[EventDate "1999.??.??"]
[Source "ChessBase"]
[SourceDate "1996.11.15"]

1. e4 e5 2. Nf3 Nc6 3. Bc4 Nf6 4. d4 Nxe4 5. O-O d5 6. Bb3 Bg4 7. Ba4 Qd6 8.
dxe5 Qe6 9. Nd4 Qg6 10. f3 Bh3 11. Qe2 Nc5 12. Bxc6+ bxc6 13. Bf4 Ne6 14. Nxe6
Bxe6 15. Nc3 Bc5+ 16. Kh1 O-O 17. Bg3 Rab8 18. Na4 Rb5 19. Nxc5 Rxc5 20. Rac1
Re8 21. Rfd1 Bf5 22. c3 f6 23. Qa6 fxe5 24. Qxa7 Rb5 25. b3 Re7 26. b4 e4 27.
a4 Rb6 28. Bxc7 exf3 29. gxf3 Bh3 30. Rd2 Qe8 31. Rg1 Rb8 32. Qxb8 Qxb8 33.
Bxb8 Re3 34. Rc2 Rxf3 35. Rcc1 Kf7 36. Rg3 Rf1+ 37. Rxf1+ Bxf1 38. Rf3+ 1-0

[Event "Plzen, JF B"]
[Site "?"]
[Date "1999.??.??"]
[Round "9.14"]
[White "Bernerova, M."]
[Black "Toman, J."]
[Result "1/2-1/2"]
[WhiteElo "1485"]
[BlackElo "1550"]
[PlyCount "59"]
[EventDate "1999.??.??"]
[Source "ChessBase"]
[SourceDate "1996.11.15"]

1. e4 c5 2. Nf3 d6 3. Nc3 Nf6 4. d3 g6 5. Be3 Bg7 6. h3 O-O 7. Qd2 Nc6 8. Bh6
a6 9. g4 b5 10. Bg2 Rb8 11. Nh2 Qc7 12. Bxg7 Kxg7 13. g5 Nd7 14. h4 Nb6 15. Nf1
b4 16. Ne2 Be6 17. h5 a5 18. f4 Nd4 19. Nfg3 Bg4 20. Nxd4 cxd4 21. Bf1 Rbc8 22.
Rc1 Na4 23. Qf2 Qc5 24. b3 Qc3+ 25. Qd2 Qxd2+ 26. Kxd2 Nc3 27. Ra1 Bd7 28. Bh3
Bxh3 29. Rxh3 e6 30. Rh2 1/2-1/2

[Event "Plzen, JF B"]
[Site "?"]
[Date "1999.??.??"]
[Round "9.15"]
[White "Kracik, M."]
[Black "Smazalova, H."]
[Result "1-0"]
[WhiteElo "1458"]
[BlackElo "1350"]
[PlyCount "49"]
[EventDate "1999.??.??"]
[Source "ChessBase"]
[SourceDate "1996.11.15"]

1. e4 e5 2. Nf3 Nc6 3. Bc4 Nf6 4. d4 exd4 5. O-O Bc5 6. Re1 O-O 7. Bg5 Be7 8.
Nxd4 Nxe4 9. Nxc6 bxc6 10. Bxe7 Qxe7 11. Nc3 Nxc3 12. Rxe7 Nxd1 13. Rxd1 Rb8
14. b3 a5 15. c3 g6 16. Rd4 a4 17. b4 g5 18. f4 h6 19. fxg5 hxg5 20. Rg4 d5 21.
Rxg5+ Kh8 22. Bd3 Rb7 23. Ba6 Rb8 24. Bxc8 Rbxc8 25. Re3 1-0